| 000 | 00587nam a2200217 a 4500 | ||
|---|---|---|---|
| 001 | BRCA_4289 | ||
| 005 | 20190320204621.0 | ||
| 008 | 230610s1962----enk#######---#000-0#eng-# | ||
| 041 | _aeng | ||
| 044 | _aenk | ||
| 050 | 4 |
_aPZ3 _b.J36 1962 |
|
| 100 | 1 |
_aJames, Montague Rhodes _d1862-1936 _911039 |
|
| 245 | 1 | 0 |
_aMore Ghost Stories _cMontague Rhodes James. |
| 260 |
_aHarmondsworth, Londres _bPenguin Books _c1962 |
||
| 300 |
_a154 p. _c18 cm. |
||
| 440 | 0 |
_aPenguin Books _v1347 _911040 |
|
| 500 | _aCEF86 | ||
| 650 | 1 | 4 |
_aCuentos de fantasmas _911041 |
| 902 | _aGFM | ||
| 942 |
_2lcc _cB |
||
| 999 |
_c4000 _d4000 |
||